|
|
|
|
| LEADER |
00000nam0a2200000 4500 |
| 001 |
117231 |
| 005 |
20231031123610.0 |
| 010 |
|
|
|a 525601787X
|
| 035 |
|
|
|a (RuTPU)RU\TPU\book\126890
|
| 090 |
|
|
|a 117231
|
| 100 |
|
|
|a 20070531d2005 km y0rusy50 ca
|
| 101 |
0 |
|
|a rus
|a eng
|
| 102 |
|
|
|a RU
|
| 105 |
|
|
|a y e 000zy
|
| 200 |
1 |
|
|a Англо-русский толковый словарь сокращений в области связи, компьютерных и информационных технологий
|e около 35 000 терминов и словарь русских сокращений около 5100 терминов
|f Н. Н. Слепов
|
| 205 |
|
|
|a 3-е изд., перераб. и доп.
|
| 210 |
|
|
|a Москва
|c Радио и связь
|d 2005
|
| 215 |
|
|
|a 800 с.
|
| 330 |
|
|
|a Настоящее издание представляет собой один из наиболее полных и современных словарей англоязычных сокращений в области локальных и глобальных сетей и технологий связи (в том числе оптических), а также компьютерных и новых информационных технологий, и в ряде смежных областей. Словарь содержит расшифровку и русский перевод, а во многих случаях и толкование, около 35 000 сокращений. Для удобства пользования словарем в нем также содержится словарь русскоязычных сокращений (около 5100) по той же тематике. Словарь является справочным пособием, предназначенным для специалистов всех уровней в области связи, компьютерных и новых информационных технологий, для редакторов, переводчиков и инженеров, работающих в указанных областях, и для всех других читателей, желающих понимать современные технические публикации.
|
| 610 |
1 |
|
|a английский язык
|
| 610 |
1 |
|
|a словари
|
| 610 |
1 |
|
|a лексика
|
| 610 |
1 |
|
|a термины
|
| 610 |
1 |
|
|a терминологические словари
|
| 610 |
1 |
|
|a толковые словари
|
| 610 |
1 |
|
|a связь
|
| 610 |
1 |
|
|a вычислительная техника
|
| 610 |
1 |
|
|a информационные технологии
|
| 610 |
1 |
|
|a компьютерные технологии
|
| 610 |
1 |
|
|a сокращения
|
| 675 |
|
|
|a 681.3(038)
|v 3
|
| 700 |
|
1 |
|a Слепов
|b Н. Н.
|g Николай Николаевич
|
| 801 |
|
1 |
|a RU
|b 63413507
|c 20070531
|g PSBO
|
| 801 |
|
2 |
|a RU
|b 63413507
|c 20130610
|g PSBO
|
| 942 |
|
|
|c BK
|
| 959 |
|
|
|a 46/20070529
|d 1
|e 680,00
|f ЧЗИЛ:1
|